00348nam a2200109Ia 4500082001300000245008600013260005900099300001300158504001900171650002800190700002000218 a958 THI- 0aThinking strategically: the major powers, Kazakhstan, and the central Asia nexus aCambridgebAmerican Academy of Arts and Sciencesc2003 axii, 243 aincludes index aAsia, CentralvPolitics aLegvold, Robert